Online
Catalog
Normal view MARC view

Entry Nombre corporativo

Number of records used in: 9

001 - NÚMERO DE CONTROL

  • campo de control: 83236

003 - IDENTIFICADOR DEL NÚMERO DE CONTROL

  • campo de control: BNPHU

005 - FECHA Y HORA DE LA ÚLTIMA TRANSACCIÓN

  • campo de control: 20240528201511.0

008 - DATOS DE LONGITUD FIJA

  • campo de control de longitud fija: 230404|| aca||aabn | a|a d

010 ## - NÚMERO DE CONTROL DE LA BIBLIOTECA DEL CONGRESO

  • Número de control de LC: UNICEF

040 ## - FUENTE DE LA CATALOGACIÓN

  • Centro catalogador/agencia de origen: DO-SdBNP
  • Lengua de catalogación: spa
  • Centro/agencia transcriptor: BNPHU
  • Normas de descripción: rda

110 2# - ENCABEZAMIENTO-NOMBRE DE ENTIDAD CORPORATIVA

  • Nombre de entidad corporativa o nombre de jurisdicción como elemento de entrada: UNICEF

410 2# - TRAZADO DE VÉASE--NOMBRE DE ENTIDAD CORPORATIVA

  • Nombre de entidad corporativa o nombre de jurisdicción como elemento de entrada: Fondo de las Naciones Unidas para la Infancia

410 2# - TRAZADO DE VÉASE--NOMBRE DE ENTIDAD CORPORATIVA

  • Nombre de entidad corporativa o nombre de jurisdicción como elemento de entrada: United Nations Children’s Fund

410 2# - TRAZADO DE VÉASE--NOMBRE DE ENTIDAD CORPORATIVA

  • Nombre de entidad corporativa o nombre de jurisdicción como elemento de entrada: Fonds des Nations Unies pour l'Enfance

410 2# - TRAZADO DE VÉASE--NOMBRE DE ENTIDAD CORPORATIVA

  • Nombre de entidad corporativa o nombre de jurisdicción como elemento de entrada: Fondo delle Nazioni Unite per l'Infanzia

410 2# - TRAZADO DE VÉASE--NOMBRE DE ENTIDAD CORPORATIVA

  • Nombre de entidad corporativa o nombre de jurisdicción como elemento de entrada: Fundo das Nações Unidas para a Infância

670 ## - FUENTE DE DATOS ENCONTRADOS

  • Cita de la fuente: Work cat.: (DO-SdBNP)37703: UNICEF, Guía sobre el codigo para la protección de niños, niñas y adolescentes /, [s. f.].

670 ## - FUENTE DE DATOS ENCONTRADOS

  • Cita de la fuente: ABC de las Naciones Unidas, 1998
  • Información encontrada: p. 35 (UNICEF; Fondo de las Naciones Unidas para la Infancia)

670 ## - FUENTE DE DATOS ENCONTRADOS

  • Cita de la fuente: Sitio web oficial de la UNICEF, 30 marzo 2009:
  • Información encontrada: (United Nations Children’s Fund; Fonds des Nations Unies pour l'Enfance; Fondo delle Nazioni Unite per l'Infanzia; Fundo das Nações Unidas para a Infância)
  • Identificador Uniforme del Recurso: http://www.unicef.org/

670 ## - FUENTE DE DATOS ENCONTRADOS

  • Identificador Uniforme del Recurso: https://librunam.dgb.unam.mx:8443/F/AA14HKRE9A1HFC3FBBM2E8CJP8SPGR3XDJ5UYYHKYQUDT2UUHA-13002?func=full-set-set&set_number=032779&set_entry=000001&format=001 Consultado en 28 de Mayo, 2024

678 ## - DATOS BIOGRÁFICOS O HISTÓRICOS

  • Datos biográficos o históricos: La UNICEF fue creada en 1946

Powered by Koha